000 00581nam a2200229Ia 4500
005 20250425160709.0
008 250425s9999 xx 000 0 und d
020 _a0395270537
041 _aeng
082 _a513.93
100 _aGOOSSENS, LINDA C.
245 0 _aINTRODUCTION TO MATHEMATICAL ECONOMICS: SOLUTIONS MANUAL
250 _aS.E.
260 _aDALLAS
260 _aEstados Unidos
_bHOUGHTON MIFFLIN
_c1979
300 _a172
650 _aALGEBRA MATRICIAL
650 _aMATEMATICAS PARA ECONOMIA
650 _aSOLUCIONARIO
942 _c01
010 _a2589
999 _c194318
_d194318